| 000 | 01000nam a2200265 a 4500 | ||
|---|---|---|---|
| 001 | BRCA_4407 | ||
| 005 | 20190320204647.0 | ||
| 008 | 130810s1990----mx-#######---#000-0#spa-# | ||
| 020 | _a9682926017 | ||
| 041 | _aspa | ||
| 044 | _amx | ||
| 050 | 4 |
_aF1229 _b.S83 1990 |
|
| 100 | 1 |
_aSuárez de Peralta, Juan _911192 |
|
| 245 | 1 | 0 |
_aTratado del descubrimiento de las indias _b(noticias históricas de la Nueva España) _cJuan Suárez de Peralta ; estudio preliminar y notas Teresa Silva Tena. |
| 260 |
_aMéxico _bCONACULTA, Dirección General de Publicaciones _c1990 |
||
| 300 |
_a275 p. _c21 cm. |
||
| 440 | 0 |
_aCien de México _93027 |
|
| 500 | _aIncluye índice geográfico, índice biográfico, índice de palabras americanas e índice onomástico | ||
| 500 | _aColección Sonia Corcuera de Mancera | ||
| 651 | 4 |
_aMéxico _xHistoria _yConquista 1519-1540 _9442 |
|
| 651 | 4 |
_aMéxico _xHistoria _yColonia 1540-1810 _9208 |
|
| 700 | 1 |
_aSilva Tena, Teresa _911193 |
|
| 902 | _aDSC | ||
| 942 |
_2lcc _cB |
||
| 999 |
_c4117 _d4117 |
||